| 000 | 00663nam a2200229Ia 4500 | ||
|---|---|---|---|
| 003 | OSt | ||
| 005 | 20220927105058.0 | ||
| 006 | a|||||r|||| 00| 0 | ||
| 007 | ta | ||
| 008 | 220926b |||||||| |||| 00| 0 eng d | ||
| 024 | _a159742 | ||
| 037 | _cReference Collections | ||
| 040 |
_aRTL _cRTL _beng |
||
| 041 |
_2eng _aeng |
||
| 082 | _a"X71.237.N75, L5.3" | ||
| 110 |
_aRAJASTHAN (Govt. of-) _9370031 |
||
| 245 | 0 | _aBudget estimates 1975-76 | |
| 260 |
_aJaipur _bState central press _c1975 |
||
| 700 |
_aRAJASTHAN (Govt. of-) _9370032 |
||
| 942 |
_h"X71.237.N75, L5.3" _cCC |
||
| 999 |
_c690567 _d690567 |
||